| 000 | 00643nam a22002297a 4500 | ||
|---|---|---|---|
| 003 | OSt | ||
| 005 | 20250828112516.0 | ||
| 008 | 250828t2016 ag |||||r|||| 00| p spa d | ||
| 020 | _a978-987-45682-4-3 | ||
| 040 | _cBesoc | ||
| 080 | _082-1(520) | ||
| 245 | 0 | 0 |
_aPoetas japonesas / _cSeleción y versiones de Laura Crespi. |
| 250 | _a1a ed. | ||
| 260 |
_aCórdoba : _bPostales Japonesas, _c2016. |
||
| 300 |
_a82 p. ; _c21 cm. |
||
| 490 | 0 |
_aColección Poesía _v9 |
|
| 546 | _aEdición Bilingüe: Español-Japonés | ||
| 650 | 4 |
_aLiteratura japonesa _vPoesía |
|
| 655 | 4 | _aPoesía | |
| 700 | 1 |
_aCrespi, Laura, _d1973- |
|
| 942 |
_2udc _cLPD _n0 |
||
| 999 |
_c569 _d569 |
||